000
00242 a2200097 4500
001
40827
100
_a
Lexicon Pubs
245
_a
Lexicon Universal Encyclopedia (Vol-II)
260
_a
New York
_b
Lexicon Publications
_c
090
_c
25089
_d
25089
942
_a
NUST-CAE
_c
M
_c
16768
999
_c
275900
_d
275900